Criteria for determining whether a new building that is being designed and constructed is a "higher-risk building" (Record no. 122033)

MARC details
000 -LEADER
fixed length control field 01620nam a22002297a 4500
008 - FIXED-LENGTH DATA ELEMENTS--GENERAL INFORMATION
fixed length control field 241021s2024 xxk||||| |||| 00| 0 eng d
041 ## - LANGUAGE CODE
Language code of text/sound track or separate title eng
110 ## - MAIN ENTRY--CORPORATE NAME
Corporate author Ministry of Housing, Communities and Local Government
245 ## - TITLE STATEMENT
Title Criteria for determining whether a new building that is being designed and constructed is a "higher-risk building"
260 ## - PUBLICATION INFORMATION
Publisher MHCLG,
Date 19 October 2023, updated 18 October 2024
520 ## - ABSTRACT
Abstract This guidance relates to the legal criteria for determining whether a proposed new building is considered a higher-risk building under the Building Act 1984 (as amended by the Building Safety Act 2022) and the Higher-Risk Buildings (Descriptions and Supplementary Provisions) Regulations 2023. See separate guidance for existing buildings entitled "Criteria for determining whether a building is a higher-risk building during the occupation phase of the new higher-risk regime". Guidance has been updated on 18 October 2024 to include a notice clarifying the government’s current position following the recent tribunal judgement that roof gardens should be classified as a storey.
650 ## - KEYWORDS
Keywords BUILDING CONTROL
650 ## - KEYWORDS
Keywords BUILDING HEIGHT
650 ## - KEYWORDS
Keywords BUILDING SAFETY ACT 2022
650 ## - KEYWORDS
Keywords FIRE SAFETY
650 ## - KEYWORDS
Keywords HIGHER-RISK BUILDINGS
651 ## - SUBJECT ADDED ENTRY--GEOGRAPHIC NAME
Geographic name United Kingdom
690 ## - BROAD SUBJECT
Broad subject Building control
9 (RLIN) 6222
710 ## - ADDED CORPORATE NAME
Added corporate author Ministry of Housing, Communities and Local Government
856 ## - ONLINE RESOURCE
Uniform Resource Identifier <a href="https://www.gov.uk/guidance/criteria-for-determining-whether-a-new-building-that-is-being-designed-and-constructed-is-a-higher-risk-building">https://www.gov.uk/guidance/criteria-for-determining-whether-a-new-building-that-is-being-designed-and-constructed-is-a-higher-risk-building</a>
Public note Available from .gov.uk
942 ## - ADDED ENTRY ELEMENTS (KOHA)
Suppress in OPAC Do not suppress in OPAC
Holdings
Lost status Damaged status Not for loan Home library Current library Shelving location Date acquired Total Checkouts Date last seen Price effective from Koha item type
      Virtual Virtual Online 21/10/2024   21/10/2024 21/10/2024 Online material